000 00827nam a2200253 4500
003 OSt
005 20240719052312.0
006 a
008 240719b |||||||| |||| 00| 0 eng d
020 _a0702027669
040 _aDWCL-HMN lib.
_cOC
082 _2Third edition
_aCirc. 610.73 B157 2005
100 _aMaslin-Prothero, Sian
245 _aBaillieres study skills for nurses and midwives /
250 _aThird edition
260 _aEdinburgh:
_bBailliere Tindall,
_cc2005.
300 _axv,
_b344 p. : ill. ;
_c22 cm.
504 _aIncludes bibliographical references & index.
650 _a1. Nursing-Study and teaching.
650 _a2. Study skills.
650 _a3. Educational nursing-Nurses instruction.
650 _a4. Learning-Nurses instruction.
942 _2ddc
_n0
_cBK-CIRC
_eThird edition
_kCirc.
999 _c2433
_d2433